| 000 | 00832nam a22002777a 4500 | ||
|---|---|---|---|
| 003 | DO-SdBNP | ||
| 005 | 20240417104148.0 | ||
| 008 | 0607212015 sp spa | ||
| 017 |
_a _b |
||
| 020 | _a9786071621337 | ||
| 035 | _a | ||
| 040 |
_aBPMSU _bspa _cBPMSU _e |
||
| 082 | 4 |
_a813.54 _bA698d 2015 _222 |
|
| 100 | 1 |
_aAridjis, Chloe, _d1971- |
|
| 245 | 1 | 0 |
_aDesgarrado / _cChloe Aridjis ; traducción Julio Paredes. _b _h |
| 260 |
_aMéxico, D.F : _bFondo de Cultura Económica, _c2015 _e _f |
||
| 300 |
_a189 p. ; _c23 cm. |
||
| 490 | 0 | _aLetras mexicanas | |
| 590 | _aInventariado, 2024/VM | ||
| 650 | 4 | _aNovela juvenil estadounidense | |
| 650 | 4 |
_aCiudades y pueblos _vNovela juvenil _2 |
|
| 650 | 4 |
_aVida cotidiana _vNovela |
|
| 910 | _aVMateo V. Control de calidad BPMSU | ||
| 942 |
_2ddc _cBK |
||
| 980 |
_a _a _b _j _c |
||
| 999 |
_c14629 _d14629 |
||